000 00576nam a22001817a 4500
005 20131219114258.0
010 _aENG-108906
020 _a9789381142875
_c950.00
035 _aEN-92439
037 _bDBAD/PUB
082 _a370.954
100 _a Pulla Rao, D.
245 _aDevelopment of school education in India /
_cby D. Pulla Rao
260 _aNew Delhi
_bManglam Publications
_c2013
270 _aK-129 Gali No.3 Near Shiv Om Jwelers 3-1/2 Pusta Gautam Vihar
_bNew Delhi
_e110053
300 _a285p.
_c22cm(Hb)
942 _2ddc
_cEN
_mPUL
_h370.954
999 _c81266
_d81266